CIVITAS DEL CIVITAS HOMINIS: CIUDAD DE DIOS, CIUDAD DEL HOMBRE (Registro nro. 68749)

Detalles MARC
000 -CABECERA
campo de control de longitud fija 00812nam a22001937a 4500
008 - DATOS DE LONGITUD FIJA--INFORMACIÓN GENERAL
campo de control de longitud fija 260703s2014 mx aoce|r|||| 001 0 spa d
020 ## - NÚMERO INTERNACIONAL ESTÁNDAR DEL LIBRO
Número Internacional Estándar del Libro 978-607-96245-6-9
040 ## - FUENTE DE LA CATALOGACIÓN
Lengua de catalogación spa
082 04 - NÚMERO DE LA CLASIFICACIÓN DECIMAL DEWEY
Número de clasificación 972.452
Número de documento/Ítem V43
100 ## - ENTRADA PRINCIPAL--NOMBRE DE PERSONA
Nombre de persona VEGA MARTINEZ, JAIME
245 ## - MENCIÓN DE TÍTULO
Título CIVITAS DEL CIVITAS HOMINIS: CIUDAD DE DIOS, CIUDAD DEL HOMBRE
Resto del título LOS ARTIFICES DEL PATRIMONIO QUERETANO
300 ## - DESCRIPCIÓN FÍSICA
Extensión 461 PAGINAS
Dimensiones 28.5 cm x 24.5 cm
336 ## - TIPO DE CONTENIDO
Fuente rdacontent
Término de tipo de contenido texto
Código de tipo de contenido txt
337 ## - TIPO DE MEDIO
Fuente rdamedia
Nombre/término del tipo de medio sin mediación
Código del tipo de medio n
338 ## - TIPO DE SOPORTE
Fuente rdacarrier
Nombre/término del tipo de soporte volumen
Código del tipo de soporte nc
505 ## - NOTA DE CONTENIDO CON FORMATO
Nota de contenido con formato OBRA QUE EXPLORA LA RELACIÓN ENTRE LA DIMENSIÓN ESPIRITUAL Y LA MATERIAL EN LA CONSTRUCCIÓN DEL PATRIMONIO CULTURAL DE QUERÉTARO.
650 ## - PUNTO DE ACCESO ADICIONAL DE MATERIA--TÉRMINO DE MATERIA
Término de materia o nombre geográfico como elemento de entrada GEOGRAFÍA E HISTORIA
Subdivisión de forma HISTORIA GENERAL DE AMÉRICA DEL NORTE
Subdivisión general MESOAMÉRICA (AMÉRICA MEDIA) MÉXICO
942 ## - ELEMENTOS DE PUNTO DE ACCESO ADICIONAL (KOHA)
Fuente del sistema de clasificación o colocación Dewey Decimal Classification
Tipo de ítem Koha Colección Querétaro
Existencias
Estado de retiro Estado de pérdida Fuente del sistema de clasificación o colocación Estado dañado No para préstamo Código de colección Localización permanente Ubicación/localización actual Fecha de adquisición Fuente de adquisición Total de préstamos Signatura topográfica completa Fecha visto por última vez Número de copia Precio válido a partir de Tipo de ítem Koha
    Dewey Decimal Classification     Colecciones Especiales (Quéretaro, IQM, Idiomas, SEP, Inea.) BIBLIOTECA PÚBLICA CENTRAL ESTATAL “FRANCISCO CERVANTES” BIBLIOTECA PÚBLICA CENTRAL ESTATAL “FRANCISCO CERVANTES” 07/03/2026 DONACION   CQ 972.452 V43 07/03/2026 EJ. 1 07/03/2026 Colección Querétaro